| 000 | 00888nam a22001815i 4500 | ||
|---|---|---|---|
| 001 | 162677 | ||
| 003 | ES-MaACL | ||
| 005 | 20230906212558.0 | ||
| 008 | 020227s1864 sp |||| | spa d | ||
| 040 |
_aCAM _bspa _cCAM |
||
| 100 | 1 |
_aPuente y Brañas, Ricardo. _994166 |
|
| 245 | 1 | 0 |
_aDe la mano á la boca... _b: comedia en tres actos y en verso / _coriginal de Ricardo Puente y Brañas. |
| 260 |
_aMadrid : _b[s.n.], _c1864 ( _fImprenta de José Rodriguez) |
||
| 300 |
_a88 p. ; _c20 cm. |
||
| 500 | _aEn port.: Representada en el teatro de Jovellanos la noche del 14 de noviembre de 1864. | ||
| 596 | _aEn verso de la port. consta: "... Galeria dramática y lírica titulada El Teatro ..." | ||
| 852 |
_aES-MaACL _jF-8581(11) _z-- Enc. pasta española _q-- Falto de la cub. original _z-- Enc. en un vol. facticio formando parte de la col. facticia "Teatro español moderno", vol. 34 |
||
| 999 |
_c162677 _d162677 |
||